Обозрение лекций и список служащих и учащихся в Дерптском университете

Доступно только в Электронных читальных залах Найти на картеНа карте
RUSMARC
00004350nmc2a22000003x 450
001e636ddab-308e-403e-9a61-c0dc79bba35b
00520180523183131.0
100##$a20160516l18941896k l0rusy0189 ca
1010#$arus
102##$aRU
2001#$aОбозрение лекций и список служащих и учащихся в Дерптском университете
$j12 января 1894 г. - 29 января 1896 г.
$hЧасть 3
251##$cДело
300##$aДело
300##$aОриг. заголовок дела: Обозрение лекций и список служащих и учащихся в Дерптском университете, правила о зачёте полугодий и полукурсовых испытаний на всех факультетах университета. Часть 3. 12 января 1894 г. - 29 января 1896 г
801#0$aRU
$bРГИА
$c20160516
$gRCR
801#1$aRU
$bГлавНИВЦ
$c20160516
$2rusmarc
801#2$aRU
$bПБ им. Б.Н. Ельцина
$c20180523
$gRCR
$2rusmarc
850##$aРГИА
852##$aРГИА
$eФедеральное казенное учреждение "Российский государственный исторический архив" (РГИА)
$j173
937##$hРГИА
$d12205710
$aASBIBLIO_SCAN
462#0$100172e5b07f-5533-4156-8670-50a03868b2f1
$12001
$aДела разряда высших учебных заведений Департамента народного просвещения за 1886-1898 гг.
$1251
$cОпись
$1852
$j150
461#0$1001a74412a3-3cc5-4d21-8f0a-dfe2fbd9e72d
$12001
$aДепартамент народного просвещения Министерства народного просвещения (1803-1917)
$1251
$cФонд
$1852
$j733
215##$a448 л.
$d36,5х26 см
371##$aДокумент не является опубликованным и широко распространяемым
105##$ay###
1222#$ad
5171#$aОбозрение лекций и список служащих и учащихся в Дерптском университете, правила о зачёте полугодий и полукурсовых испытаний на всех факультетах университета. Часть 3. 12 января 1894 г. - 29 января 1896 г
035##$ae636ddab-308e-403e-9a61-c0dc79bba35b
856##$uhttp://readingroom.main.prlib.ru/item.aspx?id_node=n115131184&mode=full
Формат отображения